Internacionalizácia a digitalizácia prostredníctvom nových inovačných procesov v kultúrnom a kreatívnom priemysle

Ako medzinárodne sú orientované podniky kreatívneho priemyslu a ako tieto rozdiely súvisia s obchodným modelom spoločností pre medzinárodné škálovanie prostredníctvom digitalizácie. Štúdia prispieva do literatúry tým, že naznačuje, že kreatívne priemyselné podniky, ktoré chcú expandovať do zahraniči...

Ausführliche Beschreibung

Gespeichert in:
Bibliographische Detailangaben
1. Verfasser: Kmety Barteková, Mária, 1992-
Format: Buchkapitel
Sprache:Englisch
Schlagworte:
Tags: Tag hinzufügen
Keine Tags, Fügen Sie das erste Tag hinzu!

MARC

LEADER 00000naa$a2200000$$$4500
001 0290216
005 20240502083937.7
041 0 |a eng 
044 |a CZ 
245 1 0 |a Internacionalizácia a digitalizácia prostredníctvom nových inovačných procesov v kultúrnom a kreatívnom priemysle  |c Mária Kmety Barteková 
520 |a Ako medzinárodne sú orientované podniky kreatívneho priemyslu a ako tieto rozdiely súvisia s obchodným modelom spoločností pre medzinárodné škálovanie prostredníctvom digitalizácie. Štúdia prispieva do literatúry tým, že naznačuje, že kreatívne priemyselné podniky, ktoré chcú expandovať do zahraničia prostredníctvom digitalizácie, potrebujú rozvíjať súbor schopností v súvislosti s partnerstvom, vzťahom so zákazníkmi a obchodným procesom riadenia, ako aj investovanie do informačných a komunikačných zdrojov a kybernetickej odolnosti. 
610 2 0 |a priemysel kreatívny 
610 2 0 |a digitalizácia 
610 2 0 |a internacionalizácia 
610 2 0 |a inovácie technologické 
610 2 0 |a priemysel kultúrny 
100 1 |a Kmety Barteková, Mária, 1992-